Chemometrický výpočet a spracovanie analytických signálov (aplikácia vo voltampérometrii)

Salvato in:
Dettagli Bibliografici
Autore principale: Čief, Emil (Autore)
Natura: Manoscritto Libro
Lingua:slovacco
Pubblicazione: Bratislava : STU v Bratislave FCHPT, 2002
Edizione:Obháj.: 3.6.2002
Tags: Aggiungi Tag
Nessun Tag, puoi essere il primo ad aggiungerne!!

MARC

LEADER 00000ntm a22000003a 4500
001 stu76291
005 20150617225644.3
008 020626s2002----xo------------------slo-d
040 |a STU  |b slo 
041 0 |a slo 
044 |a xo 
100 1 |a Čief, Emil  |4 aut 
245 1 |a Chemometrický výpočet a spracovanie analytických signálov (aplikácia vo voltampérometrii) 
250 |a Obháj.: 3.6.2002 
260 |a Bratislava :  |b STU v Bratislave FCHPT,  |c 2002 
300 |a 70 s. Tab.,lit 
500 |a Špec.: Analytická chémia 
996 |b 284C026835  |c C*D13476  |l CCI  |s A  |a 24  |w stu76291_0001